000 00687nam a2200241 4500
003 OSt
005 20260601170956.0
008 260508b\\\\\\\\||||||||\||||\00|\0\eng\d
020 _a8481852090
040 _aICI
_bspa
_cICI
041 _aspa
050 _aNK2395
_bM79 1998
100 1 _aFrancisco Ascencio Cerver
_930603
245 1 _aEl Mueble de diseño /
_ced. Francisco Asensio Cerver
264 _aBarcelona :
_bArco,
_c1998
300 _a207 páginas
336 _atexto
_2rdacontent
337 _asin medio
_2rdamedia
338 _avolumen
_2rdacarrier
650 _aDiseño de muebles
_ySiglo XX
_930604
700 _a Asencio Cerver, Francisco,
_eeditor
942 _2lcc
_cB
_n1
999 _c19842
_d19842